| 000 | nam a22 7a 4500 | ||
|---|---|---|---|
| 999 |
_c127211 _d127211 |
||
| 008 | 171109b xxu||||| |||| 00| 0 eng d | ||
| 050 | _aHM1126.N852 2017 | ||
| 100 |
_aNordquist, Kjell-Ake _937490 |
||
| 245 |
_aReconciliation as politics _c/ Kjell-Ake Nordquist |
||
| 260 |
_aEugene, Oregon _bPickwick Publications _c2017 |
||
| 300 |
_aix, 162p. ; _c23cm. |
||
| 440 |
_aChurch of Sweden _937491 |
||
| 650 |
_aReconciliation _xPolitical aspects _94540 |
||
| 650 |
_aConflict resolution _937492 |
||
| 650 |
_aPeace building _93417 |
||
| 942 |
_2lcc _cMONOGRAPH |
||